Cast of Friends Quiz Stats

 Plays Quiz Updated Oct 2, 2013

Support Sporcle.
Go Orange.
Score 0/6 Timer 01:00
11 Plays Today
Character Actor/Actress % Correct
Rachel GreenJennifer Aniston
93.5%
Chandler BingMatthew Perry
73.6%
Joey TribbianiMatt LeBlanc
73.6%
Phoebe BuffayLisa Kudrow
72.2%
Monica GellerCourteney Cox
71.3%
Ross GellerDavid Schwimmer
68.2%

You're not logged in!

Compare scores with friends on all Sporcle quizzes.
OR
Log In

From the Vault

-ate or -ite?

by nabean

Don't ya just ate it, when it's ite.
Remove Ads.
Support Sporcle.
Get the best of Sporcle when you Go Orange. This ad-free experience offers more features, more stats, and more fun while also helping to support Sporcle. Thank you for becoming a member.

Show Comments

Extras

Top Quizzes Today


Score Distribution

Your Account Isn't Verified!

In order to create a playlist on Sporcle, you need to verify the email address you used during registration. Go to your Sporcle Settings to finish the process.

Report this User

Report this user for behavior that violates our Community Guidelines.

Details: